000 00699nam a2200169 a 4500
008 120416s1971 ||||||||||||||||| || u
020 _a0576151653
050 _aNA 7562 Gan
100 _aGandy, Joseph
245 1 4 _aThe rural architect: consisting of various designs for country buildings, accompanied with ground plans, estimates and descriptions
260 _aLondon
_bGregg International Publishers
_c1971
300 _a28, 124p.
350 _a0.00
650 0 _aARCHITECTURE, DOMESTIC--DESIGNS AND PLANS
650 _aARCHITECTURE, DOMESTIC
995 _D0.00
_FCBU-MAIN LIBRARY (Kitwe)
_H1
_I4.50
_M1
_UDAMAGED
_ZMain Library Open Access Collection
999 _c56808
_d56808